[Event "SR 3. liga A2 2012/2013"]
[Site "?"]
[Date "2012.11.18"]
[Round "4.5"]
[White "Vepy, Ivan"]
[Black "Puskar, David"]
[Result "1-0"]
[WhiteElo "1921"]
[BlackElo "1699"]
[PlyCount "63"]
[EventDate "2012.??.??"]

1. e4 e6 2. d4 d5 3. exd5 exd5 4. Nf3 Bf5 5. Bd3 Bxd3 6. Qxd3 Nf6 7. O-O c6 8.
Bg5 Be7 9. Bxf6 Bxf6 10. Re1+ Be7 11. Qe3 Kf8 12. Nbd2 Nd7 13. Re2 g6 14. Rae1
Bf6 15. Qh6+ Bg7 16. Qf4 Nf6 17. g4 h6 18. h3 a6 19. Ne5 g5 20. Qf3 Qc7 21. Re3
a5 22. Nb3 Rd8 23. Nc5 b6 24. Ng6+ Kg8 25. Ne7+ Kf8 26. Ne6+ fxe6 27. Rxe6 Kf7
28. Qf5 Rd6 29. Qg6+ Kf8 30. Rxd6 Qxd6 31. Nf5 Qd7 32. Re7 1-0

[Event "SR 3. liga A2 2012/2013"]
[Site "?"]
[Date "2012.11.18"]
[Round "4.5"]
[White "Dzurjaninova, Hana"]
[Black "Vach, Jozef"]
[Result "1-0"]
[WhiteElo "1592"]
[BlackElo "1793"]
[PlyCount "103"]
[EventDate "2012.??.??"]

1. e4 e5 2. Nf3 Nc6 3. d4 exd4 4. Nxd4 Bc5 5. Be3 Qf6 6. c3 d6 7. Be2 Qg6 8.
Bf3 a6 9. Nc2 Bxe3 10. Nxe3 Be6 11. Nd2 Nf6 12. Qe2 Ne5 13. Nd5 O-O-O 14. Ne7+
Kd7 15. Nxg6 hxg6 16. Nb3 Bc4 17. Qd2 Nd3+ 18. Kd1 Ne5 19. Na5 Kc8 20. Nxc4
Nxc4 21. Qe2 Ne5 22. Kc2 Kb8 23. Rad1 Nfd7 24. g3 Nb6 25. Bg2 f6 26. f4 Nf7 27.
Qg4 g5 28. Qe6 Rhf8 29. Qb3 Rde8 30. a4 Nd8 31. a5 Nd7 32. Qd5 Re7 33. fxg5 Re5
34. Qd4 Rxg5 35. b4 Nc6 36. Qe3 Nde5 37. Bf1 Ng4 38. Qd2 Re8 39. Bd3 Nge5 40.
Ra1 Ka7 41. Qe3+ Kb8 42. b5 Nxd3 43. bxc6 Nc5 44. cxb7 Rxe4 45. Qf2 Rge5 46.
Rhe1 f5 47. Rxe4 fxe4 48. Rb1 Re8 49. Qf7 Rh8 50. h4 Rd8 51. Qxg7 Nxb7 52. Qe7
1-0

[Event "SR 3. liga A2 2012/2013"]
[Site "?"]
[Date "2012.11.18"]
[Round "4.6"]
[White "Sosna, Jan"]
[Black "Jablonicky, Frantisek"]
[Result "1/2-1/2"]
[WhiteElo "2385"]
[BlackElo "2173"]
[PlyCount "66"]
[EventDate "2012.??.??"]

1. d4 f5 2. Nf3 Nf6 3. g3 g6 4. Bg2 Bg7 5. O-O O-O 6. Nbd2 d6 7. Re1 Nc6 8. e4
Nxe4 9. Nxe4 fxe4 10. Rxe4 e5 11. Bg5 Bf6 12. Bh6 Re8 13. dxe5 dxe5 14. c3
Qxd1+ 15. Rxd1 Bf5 16. Ree1 Rad8 17. Ng5 Rxd1 18. Rxd1 e4 19. h3 Bxg5 20. Bxg5
h5 21. Be3 b6 22. b3 Ne5 23. Rd4 Nf3+ 24. Bxf3 exf3 25. g4 hxg4 26. hxg4 Bb1
27. a3 Re4 28. Rd8+ Kf7 29. Kh2 Ba2 30. Rh8 Rxg4 31. Rh7+ Ke6 32. Rxc7 Bxb3 33.
Rxa7 b5 1/2-1/2

[Event "SR 3. liga A2 2012/2013"]
[Site "?"]
[Date "2012.11.18"]
[Round "4.6"]
[White "Sekera, Branislav"]
[Black "Gasa, Andrej"]
[Result "1/2-1/2"]
[WhiteElo "2153"]
[BlackElo "2282"]
[PlyCount "146"]
[EventDate "2012.??.??"]

1. Nf3 d5 2. d4 Nf6 3. Bf4 c6 4. e3 Bg4 5. c3 Nbd7 6. Be2 e6 7. Nbd2 Be7 8. h3
Bh5 9. Rc1 O-O 10. O-O Qb6 11. c4 c5 12. cxd5 exd5 13. b3 Rac8 14. dxc5 Bxc5
15. Ne5 Nxe5 16. Bxe5 Bxe2 17. Qxe2 Rfe8 18. Nf3 Ne4 19. Bd4 Bxd4 20. Rxc8 Rxc8
21. Nxd4 Nf6 22. Rd1 a6 23. Qd3 Qb4 24. Qf5 Qc5 25. Qg5 h6 26. Qg3 Qc7 27. Qf3
Qe5 28. Qe2 g6 29. Qd2 Qe7 30. Nf3 Rc6 31. Nd4 Rc5 32. Nf3 Rc6 33. Nd4 Rc5 34.
Rc1 Qc7 35. Rxc5 Qxc5 36. Qc2 Qxc2 37. Nxc2 Kf8 38. f3 Ke7 39. Kf2 Kd6 40. Ke2
Ng8 41. Kd3 Ne7 42. Nd4 Kc5 43. Kc3 Nc8 44. h4 Ne7 45. a3 Kd6 46. g4 Kc5 47. f4
b6 48. Nf3 f6 49. Nd4 Kd6 50. Kd3 a5 51. Kc3 f5 52. g5 h5 53. Nf3 Nc6 54. Ne1
Kc5 55. Nd3+ Kd6 56. Nb2 Na7 57. Nd3 Nc6 58. b4 axb4+ 59. axb4 Ke6 60. b5 Ne7
61. Ne5 Kd6 62. Kd4 Ke6 63. Kc3 Kd6 64. Kb4 Ke6 65. Kc3 Kd6 66. Kd4 Ke6 67. Nc6
Nxc6+ 68. bxc6 Kd6 69. c7 Kxc7 70. Kxd5 Kd7 71. Ke5 Ke7 72. Kd5 Kd7 73. Ke5 Ke7
1/2-1/2

[Event "SR 3. liga A2 2012/2013"]
[Site "?"]
[Date "2012.11.18"]
[Round "4.6"]
[White "Sebesta, Radovan"]
[Black "Kavon, Rastislav"]
[Result "1-0"]
[WhiteElo "2061"]
[BlackElo "1943"]
[PlyCount "93"]
[EventDate "2012.??.??"]

1. d4 Nf6 2. c4 g6 3. Nc3 Bg7 4. e4 d6 5. f3 O-O 6. Bg5 h6 7. Be3 e5 8. d5 a5
9. g4 Ne8 10. h4 f5 11. gxf5 gxf5 12. Qd2 f4 13. Bf2 Bf6 14. O-O-O Na6 15. Bh3
Ng7 16. Bxc8 Rxc8 17. Nge2 Kh7 18. Rdg1 Nh5 19. Rg4 Qe7 20. Kb1 b6 21. Nc1 Rg8
22. Nd3 Rg7 23. Rhg1 Rcg8 24. Rxg7+ Rxg7 25. Rxg7+ Qxg7 26. Nb5 Qg2 27. Qd1 Qh3
28. Nxc7 Nxc7 29. Bxb6 Qd7 30. Bxa5 Ng3 31. Qb3 Ne8 32. c5 dxc5 33. Nxc5 Qf7
34. Bc3 Ne2 35. a4 Nxc3+ 36. Qxc3 Nd6 37. Ne6 Ne8 38. a5 Qb7 39. Qc6 Qxc6 40.
dxc6 Bxh4 41. c7 Nxc7 42. Nxc7 Bf2 43. Kc2 Kg6 44. Kd1 Kf7 45. a6 h5 46. Ke2
Bd4 47. Nb5 1-0

[Event "SR 3. liga A2 2012/2013"]
[Site "?"]
[Date "2012.11.18"]
[Round "4.6"]
[White "Jablonicky, Martin"]
[Black "Gasa, Patrik"]
[Result "1-0"]
[WhiteElo "1827"]
[BlackElo "1906"]
[PlyCount "64"]
[EventDate "2012.??.??"]

1. e4 c5 2. c4 Nc6 3. Ne2 g6 4. d4 cxd4 5. Nxd4 Bg7 6. Be3 Nf6 7. f3 d6 8. Nc3
a6 9. Qd2 Nxd4 10. Bxd4 O-O 11. Be2 Qa5 12. O-O Re8 13. Rfd1 Bd7 14. Kh1 Qh5
15. Bxf6 Bxf6 16. Nd5 Qe5 17. Nc7 Ba4 18. b3 Bc6 19. Nxe8 Rxe8 20. Rab1 Kg7 21.
b4 h5 22. b5 axb5 23. cxb5 Bd7 24. a4 Be6 25. a5 g5 26. a6 bxa6 27. bxa6 g4 28.
a7 Ra8 29. Qe3 Qc5 30. Qxc5 dxc5 31. Rb7 c4 32. f4 Bc3 1-0

[Event "SR 3. liga A2 2012/2013"]
[Site "?"]
[Date "2012.11.18"]
[Round "4.6"]
[White "Lanik, Miroslav"]
[Black "Lopatievov, Alexander"]
[Result "1/2-1/2"]
[WhiteElo "1945"]
[BlackElo "1937"]
[PlyCount "89"]
[EventDate "2012.??.??"]

1. e4 c6 2. d4 d5 3. e5 Bf5 4. Nf3 e6 5. Be2 Nd7 6. O-O c5 7. c4 Ne7 8. cxd5
Nxd5 9. Nc3 Nxc3 10. bxc3 Be4 11. Bd3 Bc6 12. Re1 Nb6 13. Be4 Qc7 14. Bxc6+
Qxc6 15. Be3 c4 16. Qc2 Be7 17. Bg5 Ba3 18. Bc1 Be7 19. Bg5 Ba3 20. Bc1 Bxc1
21. Raxc1 h6 22. Nd2 Nd5 23. g3 O-O 24. Ne4 f5 25. exf6 Nxf6 26. Nxf6+ Rxf6 27.
Qe4 Qa6 28. Rc2 Qa4 29. Rce2 Qd7 30. Rb1 Rb8 31. Qe5 Rc8 32. Qb5 Qxb5 33. Rxb5
b6 34. Rbe5 Rc6 35. f4 g6 36. a4 a6 37. Kg2 Rd6 38. h4 Kf7 39. Kf3 h5 40. Ke4
Rf5 41. Rb2 Rc6 42. d5 exd5+ 43. Rxd5 Rcf6 44. Rbd2 Re6+ 45. Kf3 1/2-1/2

[Event "SR 3. liga A2 2012/2013"]
[Site "?"]
[Date "2012.11.18"]
[Round "4.6"]
[White "Mackovic, Miroslav"]
[Black "Palka, Martin"]
[Result "1-0"]
[WhiteElo "1919"]
[BlackElo "1884"]
[PlyCount "69"]
[EventDate "2012.??.??"]

1. e4 c5 2. Nf3 d6 3. d4 cxd4 4. Nxd4 Nf6 5. Nc3 a6 6. Be2 e6 7. O-O Be7 8. f4
Qc7 9. Bf3 O-O 10. g4 Nc6 11. Be3 Nxd4 12. Bxd4 Rb8 13. Be3 b5 14. g5 Ne8 15.
Ne2 g6 16. Ng3 Ng7 17. Bg4 f5 18. exf5 Nxf5 19. Nxf5 gxf5 20. Bf3 Bd7 21. Qd2
Rbc8 22. Rf2 Bc6 23. Bxc6 Qxc6 24. Bd4 Qd5 25. Re1 Rc4 26. c3 b4 27. Qe3 bxc3
28. bxc3 Kf7 29. Qh3 Kg8 30. g6 hxg6 31. Rfe2 Rxd4 32. cxd4 Qxd4+ 33. Qe3 Bf6
34. Kf1 Qb6 35. Qxb6 1-0

[Event "SR 3. liga A2 2012/2013"]
[Site "?"]
[Date "2012.11.18"]
[Round "4.6"]
[White "Palka, Miroslav"]
[Black "Mackovic, Matus"]
[Result "1/2-1/2"]
[WhiteElo "1924"]
[BlackElo "1871"]
[PlyCount "63"]
[EventDate "2012.??.??"]

1. c4 Nf6 2. Nc3 g6 3. d4 Bg7 4. e4 d6 5. f3 O-O 6. Be3 e5 7. d5 Ne8 8. g4 f5
9. gxf5 gxf5 10. Qd2 Nf6 11. Bg5 fxe4 12. fxe4 Bg4 13. Be2 Qd7 14. O-O-O Na6
15. h3 Bxe2 16. Ngxe2 Nh5 17. Qe3 Qf7 18. Ng3 Nxg3 19. Qxg3 Nc5 20. Rhg1 Kh8
21. Be3 Nd7 22. Rd2 Nf6 23. Rf2 Qd7 24. Rf5 Rf7 25. Qf3 Raf8 26. Rf1 Kg8 27.
Kc2 a6 28. Kd3 Ne8 29. Rxf7 Qxf7 30. Qxf7+ Rxf7 31. Rxf7 Kxf7 32. c5 1/2-1/2

[Event "SR 3. liga A2 2012/2013"]
[Site "?"]
[Date "2012.11.18"]
[Round "4.6"]
[White "Kozinka, Jan"]
[Black "Skapikova, Lubica"]
[Result "0-1"]
[WhiteElo "1854"]
[BlackElo "1907"]
[PlyCount "54"]
[EventDate "2012.??.??"]

1. d4 f5 2. c4 Nf6 3. Nc3 e6 4. Nf3 Be7 5. Qc2 O-O 6. e3 b6 7. Be2 Bb7 8. O-O
d6 9. Rd1 Ne4 10. d5 Nxc3 11. bxc3 e5 12. e4 f4 13. Ne1 Bc8 14. h3 Nd7 15. Bg4
Nf6 16. Qe2 Qe8 17. Nc2 a5 18. Na3 Qg6 19. Bxc8 Raxc8 20. f3 Nh5 21. Bd2 Bh4
22. Be1 Bxe1 23. Rxe1 Rf6 24. Qf2 Qf7 25. Qh4 Rg6 26. Rab1 Rg3 27. Kh2 g5 0-1

[Event "SR 3. liga A2 2012/2013"]
[Site "?"]
[Date "2012.12.09"]
[Round "5.1"]
[White "Jablonicky, Frantisek"]
[Black "Spacek, Oliver"]
[Result "1/2-1/2"]
[WhiteElo "2173"]
[BlackElo "1977"]
[PlyCount "33"]
[EventDate "2012.??.??"]

1. e4 c5 2. c4 Nc6 3. Ne2 Nf6 4. Nbc3 e6 5. f4 d5 6. e5 d4 7. exf6 dxc3 8. fxg7
cxd2+ 9. Qxd2 Bxg7 10. Qxd8+ Kxd8 11. Be3 Bxb2 12. Rd1+ Kc7 13. Bxc5 Rd8 14.
Rxd8 Kxd8 15. Kd2 b6 16. Be3 Ba6 17. c5 1/2-1/2

[Event "SR 3. liga A2 2012/2013"]
[Site "?"]
[Date "2012.12.09"]
[Round "5.1"]
[White "Nemeckay, Rastislav"]
[Black "Kavon, Rastislav"]
[Result "0-1"]
[WhiteElo "1980"]
[BlackElo "1943"]
[PlyCount "28"]
[EventDate "2012.??.??"]

1. e4 e5 2. Nf3 Nc6 3. Bb5 f5 4. d4 fxe4 5. Nxe5 Nxe5 6. dxe5 c6 7. Bc4 Qa5+ 8.
Nc3 Qxe5 9. Bxg8 Rxg8 10. Qe2 d5 11. f3 Bb4 12. Bd2 Bxc3 13. Bxc3 d4 14. Qc4
exf3+ 0-1

[Event "SR 3. liga A2 2012/2013"]
[Site "?"]
[Date "2012.12.09"]
[Round "5.1"]
[White "Jablonicky, Martin"]
[Black "Spacek, Marcel"]
[Result "0-1"]
[WhiteElo "1827"]
[BlackElo "1846"]
[PlyCount "70"]
[EventDate "2012.??.??"]

1. e4 c5 2. c4 Nc6 3. Ne2 e5 4. d3 g6 5. Nbc3 Nge7 6. f4 d6 7. g3 Bg7 8. Bg2
Be6 9. O-O Qd7 10. Nd5 Bg4 11. h3 Bxe2 12. Qxe2 Nd4 13. Qf2 Nxd5 14. exd5 O-O
15. Rb1 Rae8 16. Re1 exf4 17. Bxf4 Qd8 18. Be4 g5 19. Be3 f5 20. Bg2 Be5 21.
Qd2 f4 22. gxf4 gxf4 23. Bxd4 Bxd4+ 24. Kh1 f3 25. Bxf3 Rxe1+ 26. Rxe1 Qh4 27.
Qg2+ Kh8 28. Re4 Qh6 29. Re1 Rg8 30. Bg4 Qh4 31. Re6 Qg5 32. Re1 h5 33. Bf3 Qf4
34. Qe2 Qg3 35. Bxh5 Bf2 0-1

[Event "SR 3. liga A2 2012/2013"]
[Site "?"]
[Date "2012.12.09"]
[Round "5.1"]
[White "Diviak, Rudolf"]
[Black "Lopatievov, Alexander"]
[Result "1-0"]
[WhiteElo "1852"]
[BlackElo "1937"]
[PlyCount "83"]
[EventDate "2012.??.??"]

1. e4 c6 2. d4 d5 3. Nc3 dxe4 4. Nxe4 Bf5 5. Ng3 Bg6 6. h4 h6 7. h5 Bh7 8. Nf3
Nf6 9. Bd3 Bxd3 10. Qxd3 e6 11. Ne5 Nbd7 12. Nc4 b5 13. Nd2 Be7 14. Nde4 Nd5
15. Bd2 f5 16. Nc3 Nb4 17. Qe2 Nxc2+ 18. Kf1 Nxd4 19. Qe1 e5 20. Rd1 O-O 21.
Bc1 Bf6 22. Nce2 c5 23. Nxd4 cxd4 24. Nxf5 Bg5 25. Qe4 Kh8 26. Rh3 Bxc1 27.
Rxc1 Rc8 28. Rxc8 Qxc8 29. g4 Qa8 30. Qd3 a6 31. Nxg7 Qc6 32. Nf5 Qc1+ 33. Kg2
Nc5 34. Qe2 Re8 35. Nxd4 Qf4 36. Nf5 Ne4 37. Nh4 Rg8 38. Ng6+ Rxg6 39. hxg6 Kg7
40. Qf3 Qxf3+ 41. Rxf3 Ng5 42. Ra3 1-0

[Event "SR 3. liga A2 2012/2013"]
[Site "?"]
[Date "2012.12.09"]
[Round "5.1"]
[White "Mackovic, Miroslav"]
[Black "Skapik, Branislav"]
[Result "1-0"]
[WhiteElo "1919"]
[BlackElo "1857"]
[PlyCount "61"]
[EventDate "2012.??.??"]

1. e4 d5 2. exd5 Nf6 3. d4 Nxd5 4. c4 Nb4 5. a3 N4c6 6. Be3 e6 7. Nf3 Bd6 8.
Nc3 Nd7 9. Nb5 O-O 10. Nxd6 cxd6 11. Be2 Nf6 12. O-O d5 13. c5 Bd7 14. b4 a6
15. Bf4 Ne4 16. Qc2 Qf6 17. Be3 Qe7 18. Bd3 f5 19. Bf4 g5 20. Be5 Nxe5 21. Nxe5
Rac8 22. a4 Qe8 23. Rfb1 Nd6 24. Qb3 Ne4 25. Bxe4 fxe4 26. b5 a5 27. Rc1 Qd8
28. Rc2 Be8 29. Rac1 h5 30. c6 Qb6 31. Qe3 {èierny prekroèil èas} 1-0

[Event "SR 3. liga A2 2012/2013"]
[Site "?"]
[Date "2012.12.09"]
[Round "5.1"]
[White "Pericka, Pavol"]
[Black "Mackovic, Matus"]
[Result "1/2-1/2"]
[WhiteElo "1821"]
[BlackElo "1871"]
[PlyCount "166"]
[EventDate "2012.??.??"]

1. e4 c5 2. Bc4 Nc6 3. Nf3 d6 4. Nc3 Nf6 5. h3 e6 6. d3 a6 7. a4 Be7 8. O-O O-O
9. Ne2 Qc7 10. c3 Rb8 11. Bd2 b5 12. axb5 axb5 13. Bb3 Bd7 14. Bc2 d5 15. Bf4
Bd6 16. Bg5 Be7 17. Bf4 Bd6 18. Bh2 Bxh2+ 19. Nxh2 dxe4 20. dxe4 Ne5 21. f4 Nc4
22. Qc1 e5 23. b3 Nb6 24. Qe3 exf4 25. Nxf4 Rbe8 26. Nf3 Bf5 27. Nd2 Bg6 28.
Qf3 Nbd7 29. Nxg6 hxg6 30. Ra6 Ne5 31. Qe2 Rb8 32. Rfa1 Rb6 33. Ra7 Rb7 34.
R7a6 Rb6 35. R6a5 Rfb8 36. Qf2 Nfd7 37. Nf3 Nc6 38. R5a2 Nce5 39. Ng5 f6 40.
Ra7 R6b7 41. Ne6 Qd6 42. Rxb7 Rxb7 43. Ra8+ Rb8 44. Rxb8+ Qxb8 45. Nxc5 b4 46.
Nxd7 Nxd7 47. Qd4 Qb6 48. Qxb6 Nxb6 49. cxb4 Kf7 50. Kf2 Ke6 51. Ke3 Ke5 52. b5
f5 53. g3 Nd7 54. b4 Nb6 55. exf5 gxf5 56. Bb3 Nc8 57. Kd3 Nb6 58. Bf7 Nc8 59.
Bc4 Nb6 60. Bg8 Na4 61. Kc4 Ke4 62. Be6 Ke5 63. Bg8 Ke4 64. b6 Nxb6+ 65. Kc5
Na4+ 66. Kd6 Kf3 67. Be6 g6 68. g4 f4 69. g5 Kg3 70. Bg4 Kh4 71. Ke5 Kxg5 72.
b5 Nb6 73. Ke4 Nc4 74. Kd4 Nb6 75. Be2 Kh4 76. Bg4 Kg3 77. Kc5 Na4+ 78. Kb4 Nb6
79. Kc5 Na4+ 80. Kd4 f3 81. Ke3 f2 82. Be2 Nc3 83. Bf1 Nxb5 1/2-1/2

[Event "SR 3. liga A2 2012/2013"]
[Site "?"]
[Date "2012.12.09"]
[Round "5.1"]
[White "Zarecky, Eduard"]
[Black "Ocko, Martin"]
[Result "1-0"]
[WhiteElo "1933"]
[BlackElo "1661"]
[PlyCount "76"]
[EventDate "2012.??.??"]

1. d4 Nf6 2. c4 g6 3. Nf3 Bg7 4. Nc3 O-O 5. e4 d6 6. Be2 Nbd7 7. O-O e5 8. Bg5
h6 9. Bh4 Re8 10. Qc2 g5 11. Bg3 exd4 12. Nxd4 Nxe4 13. Nf5 Nxc3 14. bxc3 Nf6
15. Nxg7 Kxg7 16. f3 Bd7 17. Bd3 Bc6 18. Rad1 a5 19. Qc1 a4 20. a3 Nh5 21. Bb1
Nxg3 22. hxg3 Qd7 23. Qc2 Rh8 24. c5 Qe6 25. Rfe1 Qf6 26. cxd6 cxd6 27. Rd4
Rae8 28. Red1 Rd8 29. c4 Qe7 30. Qd3 Qe5 31. f4 Qc5 32. Kh2 Rde8 33. Qc3 Kg8
34. Rxd6 Qf2 35. R1d2 Qc5 36. Rd8 g4 37. f5 Qe7 38. Qd4 Rxd8 {
Cierny prekroèil èas} 1-0

[Event "SR 3. liga A2 2012/2013"]
[Site "?"]
[Date "2012.12.09"]
[Round "5.1"]
[White "Sadlon, Matus"]
[Black "Bango, Lukas"]
[Result "1/2-1/2"]
[WhiteElo "1596"]
[BlackElo "1722"]
[PlyCount "149"]
[EventDate "2012.??.??"]

1. e4 c5 2. Nf3 d6 3. d4 cxd4 4. Nxd4 Nf6 5. Nc3 g6 6. Bg5 Bg7 7. Qd2 O-O 8.
O-O-O Nc6 9. Nf3 Be6 10. a3 a6 11. Bh6 Qa5 12. Bxg7 Kxg7 13. Nd4 Bd7 14. Nb3
Qd8 15. f4 b5 16. Re1 Qb8 17. Nd5 Rc8 18. Bd3 a5 19. Kb1 b4 20. a4 Be6 21. Nxf6
exf6 22. Bb5 Qc7 23. Rc1 Nd8 24. Nd4 Bd7 25. Bxd7 Qxd7 26. Nb5 Ne6 27. g3 Nc5
28. Qxd6 Qxd6 29. Nxd6 Rd8 30. Rcd1 Nxa4 31. Rhe1 Nc5 32. Rd5 Ne6 33. Red1 Kf8
34. Nc4 Rxd5 35. Rxd5 a4 36. Ra5 Rxa5 37. Nxa5 Nc5 38. Nc6 Nxe4 39. Nxb4 Nd2+
40. Ka2 Nf1 41. Ka3 Nxh2 42. Kxa4 Ke8 43. Kb5 Kd8 44. Kc6 Kc8 45. Na6 Nf3 46.
c3 g5 47. b4 gxf4 48. gxf4 Nh4 49. b5 Nf5 50. Kb6 Ne3 51. Kc6 Nc4 52. Nc5 h5
53. Ne4 h4 54. Nxf6 h3 55. Ng4 Kb8 56. Kd7 Kb7 57. Ke7 f5 58. Nf2 h2 59. Ke6
Ne3 60. Kd6 Kb6 61. Nh1 Kxb5 62. Ke6 Kc4 63. Kf6 Kxc3 64. Kg5 Kd4 65. Kh4 Ke4
66. Kg3 Ng4 67. Kg2 Kxf4 68. Ng3 h1=Q+ 69. Nxh1 Ke3 70. Kg3 Ke4 71. Kg2 Ne3+
72. Kf2 f4 73. Ng3+ Ke5 74. Ne2 Ng4+ 75. Kf3 1/2-1/2

[Event "SR 3. liga A2 2012/2013"]
[Site "?"]
[Date "2012.12.09"]
[Round "5.2"]
[White "Puskar, Peter"]
[Black "Sebesta, Radovan"]
[Result "1/2-1/2"]
[WhiteElo "2004"]
[BlackElo "2061"]
[PlyCount "142"]
[EventDate "2012.??.??"]

1. d4 Nf6 2. c4 e6 3. Nf3 b6 4. g3 Ba6 5. Qc2 Bb4+ 6. Bd2 Bxd2+ 7. Nbxd2 O-O 8.
Bg2 Bb7 9. O-O d6 10. e4 Nbd7 11. e5 Ne8 12. Ng5 Qxg5 13. Bxb7 Rd8 14. f4 Qh6
15. Nf3 c5 16. d5 dxe5 17. fxe5 Nxe5 18. Nxe5 Qe3+ 19. Qf2 Qxe5 20. Rae1 Qd4
21. Qxd4 cxd4 22. dxe6 fxe6 23. Rxe6 Rxf1+ 24. Kxf1 Kf7 25. Bd5 Nf6 26. Rd6+
Ke7 27. Rxd8 Kxd8 28. Ke2 Kd7 29. Kd3 Kd6 30. Kxd4 a5 31. b3 Nd7 32. a3 h6 33.
b4 axb4 34. axb4 Nf6 35. c5+ Kc7 36. Bf3 bxc5+ 37. bxc5 Kd7 38. Ke5 Ke7 39. c6
Ne8 40. Kf5 Nc7 41. Kg6 Kf8 42. Bg4 Nd5 43. Bd7 Ne7+ 44. Kh7 Nd5 45. Be6 Nc7
46. Bc4 Ne8 47. Kg6 Nc7 48. g4 Ne8 49. h4 Nc7 50. Kf5 Ke7 51. Ke5 Ne8 52. Be2
Nc7 53. Bf3 Ne8 54. Kd5 Nc7+ 55. Kc5 Ne6+ 56. Kb6 Kd6 57. Kb7 Nd8+ 58. Kb6 Ne6
59. Bh1 Ke5 60. Bg2 Kd6 61. Bf3 Ke5 62. c7 Nxc7 63. Kxc7 Kf4 64. Bd1 h5 65. g5
Kg3 66. Kd7 Kxh4 67. g6 Kg5 68. Bc2 Kf6 69. Ke8 h4 70. Kf8 h3 71. Kg8 h2
1/2-1/2

[Event "SR 3. liga A2 2012/2013"]
[Site "?"]
[Date "2012.12.09"]
[Round "5.2"]
[White "Gasa, Patrik"]
[Black "Lukacovic, Miroslav"]
[Result "1/2-1/2"]
[WhiteElo "1906"]
[BlackElo "1997"]
[PlyCount "87"]
[EventDate "2012.??.??"]

1. e4 e6 2. d4 d5 3. Nd2 Nf6 4. Bd3 c5 5. e5 Nfd7 6. c3 Nc6 7. Ndf3 cxd4 8.
cxd4 Bb4+ 9. Bd2 Qa5 10. Ne2 Bxd2+ 11. Qxd2 Qxd2+ 12. Kxd2 f6 13. exf6 gxf6 14.
Nc3 a6 15. Rae1 Nb6 16. b3 Kf7 17. Rhg1 Bd7 18. g4 h6 19. h4 Rag8 20. g5 hxg5
21. hxg5 fxg5 22. Nxg5+ Kf6 23. Nf3 Rxg1 24. Rxg1 Be8 25. Ke3 Rh3 26. Rg3 Rxg3
27. fxg3 Bh5 28. Ne1 Nc8 29. Be2 Bxe2 30. Nxe2 Nd6 31. Nf3 Kf5 32. Nf4 Kg4 33.
Nxe6 Kxg3 34. Ne5 Ne7 35. Nd7 Nef5+ 36. Kd3 Kf3 37. Nb6 Ne7 38. Nc7 Ndf5 39.
Nbxd5 Nc6 40. Ne6 b5 41. Ndc7 Nb4+ 42. Kd2 Ke4 43. a3 Nc6 44. Nc5+ 1/2-1/2

[Event "SR 3. liga A2 2012/2013"]
[Site "?"]
[Date "2012.12.09"]
[Round "5.2"]
[White "Palka, Martin"]
[Black "Babirat, Michal"]
[Result "1-0"]
[WhiteElo "1884"]
[BlackElo "1760"]
[PlyCount "93"]
[EventDate "2012.??.??"]

1. e4 c5 2. Nf3 d6 3. d4 cxd4 4. Nxd4 Nf6 5. Nc3 g6 6. Be3 Ng4 7. Bb5+ Nc6 8.
Nxc6 bxc6 9. Bxc6+ Bd7 10. Bxa8 Nxe3 11. fxe3 Qxa8 12. Qd4 e5 13. Qd2 Qb7 14.
O-O Be6 15. Rab1 Kd7 16. Nd5 Bh6 17. c4 Rc8 18. b3 Qc6 19. Rf3 Bg5 20. Re1 h5
21. Qa5 Qb7 22. Ref1 Ke8 23. Nf6+ Ke7 24. Nd5+ Ke8 25. Qa4+ Kd8 26. Qb4 Qa6 27.
Nc3 Ke7 28. Nb5 Qb6 29. Qd2 a6 30. Nc3 Qc5 31. Nd5+ Ke8 32. Qf2 Qa7 33. Qg3 Bd8
34. Nf6+ Kf8 35. Qg5 Bxf6 36. Qxf6 Kg8 37. h3 Re8 38. Qh4 Qe7 39. Qxe7 Rxe7 40.
Kf2 f5 41. exf5 gxf5 42. Rd1 Rd7 43. Ke2 Kf7 44. g4 hxg4 45. hxg4 f4 46. exf4
e4 47. Rg3 1-0

[Event "SR 3. liga A2 2012/2013"]
[Site "?"]
[Date "2012.12.09"]
[Round "5.2"]
[White "Puskar, David"]
[Black "Palka, Miroslav"]
[Result "1/2-1/2"]
[WhiteElo "1699"]
[BlackElo "1924"]
[PlyCount "79"]
[EventDate "2012.??.??"]

1. c4 c5 2. Nc3 Nc6 3. g3 g6 4. Bg2 Bg7 5. Nf3 e6 6. e4 Nge7 7. O-O O-O 8. d3
d5 9. Bd2 dxc4 10. dxc4 Nd4 11. Kh1 Nec6 12. Qc1 Nxf3 13. Bxf3 Nd4 14. Bg2 h5
15. Bh6 b6 16. e5 Ba6 17. b3 Rb8 18. Ne4 Bxe5 19. Bxf8 Qxf8 20. Qg5 Qg7 21.
Rad1 f6 22. Qe3 Nf5 23. Qd2 Bd4 24. Nc3 Bb7 25. Rfe1 Bxg2+ 26. Kxg2 Bxc3 27.
Qxc3 Nd4 28. Rxd4 cxd4 29. Qxd4 e5 30. Qd5+ Qf7 31. Rd1 Qxd5+ 32. Rxd5 Rb7 33.
Kf3 Kf7 34. Ke3 Ke6 35. f4 exf4+ 36. Kxf4 Re7 37. h4 Kf7 38. a4 Rc7 39. Ke4 Ke6
40. Kd4 1/2-1/2

[Event "SR 3. liga A2 2012/2013"]
[Site "?"]
[Date "2012.12.09"]
[Round "5.2"]
[White "Skapikova, Lubica"]
[Black "Benkovsky, Peter"]
[Result "1-0"]
[WhiteElo "1907"]
[BlackElo "1678"]
[PlyCount "87"]
[EventDate "2012.??.??"]

1. e4 e6 2. d4 d5 3. Nd2 Nf6 4. e5 Nfd7 5. f4 Nc6 6. c3 Ne7 7. Bd3 f5 8. Ndf3
Ng6 9. Ng5 Nb6 10. Qh5 Bd7 11. N1f3 Nc8 12. Nxh7 Nce7 13. Nh4 Kf7 14. Nxg6 Nxg6
15. Ng5+ Kg8 16. Qxg6 Rh6 17. Qf7+ Kh8 18. Bxf5 exf5 19. Qxd5 Be6 20. Qxd8 Rxd8
21. Nxe6 Rxe6 22. Be3 Be7 23. Ke2 Rh6 24. h3 Kg8 25. g4 g6 26. Rag1 Kf7 27. g5
Rh7 28. h4 Rdh8 29. Bf2 Ke6 30. c4 c6 31. Rd1 Rd8 32. Rd3 b6 33. Rhd1 Bf8 34.
d5+ cxd5 35. cxd5+ Kd7 36. Rc1 Rc8 37. Rxc8 Kxc8 38. Rc3+ Rc7 39. Rxc7+ Kxc7
40. Kd3 a6 41. a4 Bb4 42. Kc4 Bd2 43. Bg3 Be3 44. h5 1-0

[Event "SR 3. liga A2 2012/2013"]
[Site "?"]
[Date "2012.12.09"]
[Round "5.2"]
[White "Dzurjaninova, Hana"]
[Black "Zisek, Jaroslav"]
[Result "1-0"]
[WhiteElo "1592"]
[BlackElo "1857"]
[PlyCount "61"]
[EventDate "2012.??.??"]

1. e4 c5 2. Nf3 d6 3. d4 cxd4 4. Nxd4 Nf6 5. Nc3 a6 6. Be2 e6 7. Be3 Nbd7 8.
Nb3 Qc7 9. O-O b5 10. a3 Bb7 11. f3 Be7 12. Nc1 O-O 13. Nd3 Nb6 14. Bf2 Nc4 15.
Re1 Nxb2 16. Nxb5 Nxd1 17. Nxc7 Nxf2 18. Nxa8 Nxd3 19. Bxd3 Rxa8 20. Rab1 Bc8
21. Rb3 d5 22. exd5 Nxd5 23. Be4 Kf8 24. c4 Nb6 25. Bxa8 Nxa8 26. Rb8 Nb6 27.
Kf1 Bxa3 28. Rxb6 Ke7 29. Ra1 Bc5 30. Rc6 Bd4 31. Rd1 1-0

[Event "SR 3. liga A2 2012/2013"]
[Site "?"]
[Date "2012.12.09"]
[Round "5.2"]
[White "Kubik, Peter"]
[Black "Drahos, Miroslav"]
[Result "1-0"]
[WhiteElo "1720"]
[BlackElo "1652"]
[PlyCount "57"]
[EventDate "2012.??.??"]

1. e4 e5 2. Nf3 Nc6 3. Nc3 Nf6 4. Bb5 Nd4 5. Bc4 d6 6. h3 Be7 7. d3 O-O 8. Be3
Nc6 9. d4 exd4 10. Nxd4 Ne5 11. Bb3 a6 12. f4 Ned7 13. Qf3 Nc5 14. O-O-O Nxb3+
15. Nxb3 Qe8 16. g4 Nd7 17. Nd5 Bd8 18. g5 Kh8 19. Rhe1 c6 20. Nc3 Bc7 21. Nd4
Nc5 22. h4 Bd7 23. h5 Qe7 24. f5 Rg8 25. b4 Qe5 26. Bf4 Nd3+ 27. Rxd3 Qe7 28.
g6 a5 29. gxh7 1-0

[Event "SR 3. liga A2 2012/2013"]
[Site "?"]
[Date "2012.12.09"]
[Round "5.3"]
[White "Veselsky, Jozef"]
[Black "Kapusta, Petr"]
[Result "1-0"]
[WhiteElo "2158"]
[BlackElo "2152"]
[PlyCount "125"]
[EventDate "2012.??.??"]

1. d4 Nf6 2. Nf3 g6 3. c4 Bg7 4. Nc3 O-O 5. e4 d6 6. Be2 Nbd7 7. O-O e5 8. Be3
c6 9. Qd2 Qe7 10. dxe5 dxe5 11. Bh6 Nc5 12. Bxg7 Kxg7 13. Qc2 Nh5 14. b4 Ne6
15. Rfd1 Nhf4 16. Bf1 Ng5 17. Nxg5 Qxg5 18. Kh1 h5 19. Ne2 Bg4 20. f3 Nh3 21.
Ng1 Nxg1 22. fxg4 hxg4 23. Kxg1 Rh8 24. Qf2 Rxh2 25. Rd3 Rah8 26. Qg3 Rh1+ 27.
Kf2 Qf6+ 28. Ke2 Qe6 29. Rad1 Re8 30. Rc3 a5 31. bxa5 Ra8 32. Qd3 Rxa5 33. a3
b5 34. Kd2 Qe7 35. Be2 Rh8 36. Kc2 b4 37. Rb3 bxa3 38. Kb1 a2+ 39. Ka1 Rha8 40.
Bxg4 Ra3 41. Rxa3 Rxa3 42. Qd6 Qxd6 43. Rxd6 Rc3 44. Rxc6 Rc2 45. Bf3 f5 46.
Re6 Rxc4 47. exf5 gxf5 48. Rxe5 Kf6 49. Re2 Kg5 50. Kxa2 Kf4 51. Kb3 Rc8 52.
Rc2 Rd8 53. Kc3 Kg3 54. Rd2 Re8 55. Kd3 f4 56. Be4 Re7 57. Rc2 Re8 58. Kd4 Rd8+
59. Bd5 Rf8 60. Rc3+ Kg4 61. Be6+ Kg5 62. Ke5 Kh4 63. Rc8 1-0